| 000 | 00419nam a22001697a 4500 | ||
|---|---|---|---|
| 005 | 20180319165702.0 | ||
| 008 | 160523b xxu||||| |||| 00| 0 eng d | ||
| 020 | _a978-0-07-026364-2 | ||
| 041 | _aeng | ||
| 082 |
_b4191 _a337 |
||
| 100 |
_aCherumilom and Francis _94211 |
||
| 245 | _aInternational Economics | ||
| 260 |
_aNew Delhi _bAcademic Faundation |
||
| 300 | _a714 | ||
| 650 |
_aManagement _9241 |
||
| 942 | _cBK | ||
| 999 |
_c1415 _d1415 |
||